Statistics for Name a Valid Answer - NFL

Click here to take the quiz!

General Stats

  • This quiz has been taken 587 times
  • The average score is 12 of 14

Answer Stats

HintAnswer% Correct
Current NFL TeamsArizona Cardinals | Atlanta Falcons | Baltimore Ravens | Buffalo Bills | Carolina Panthers | Cincinnati Bengals | Chicago Bears | Cleveland Browns | Dallas Cowboys | Denver Broncos | Detroit Lions | Green Bay Packers | Houston Texans | Indianapolis Colts | Jacksonville Jaguars | Kansas City Chiefs | Las Vegas Raiders | Los Angeles Chargers | Los Angeles Rams | Miami Dolphins | Minnesota Vikings | New England Patriots | New Orleans Saints | New York Giants | New York Jets | Philadelphia Eagles | Pittsburgh Steelers | San Francisco 49ers | Seattle Seahawks | Tampa Bay Buccaneers | Tennessee Titans | Washington Commanders
100%
Metropolitan areas that currently have an NFL, NHL, MLB, and NBA teamBoston, MA | Chicago, IL | Dallas-Fort Worth, TX | Denver, CO | Detroit, MI | Los Angeles, CA | Miami, FL | Minneapolis-St. Paul, MN | New York, NY | Philadelphia, PA | Phoenix, AZ | San Francisco, CA | Washington, DC
97%
Players who have won Super Bowl MVP more than onceTom Brady (5) | Joe Montana (3) | Bart Starr (2) | Terry Bradshaw (2) | Eli Manning (2)
95%
Teams that have never appeared in the Super BowlCleveland Browns | Detroit Lions | Jacksonville Jaguars | Houston Texans
92%
Kickers who have made a 60+ yard field goalJustin Tucker | Matt Prater | Tom Dempsey | Jason Elam | Sebastian Janikowski | David Akers | Graham Gano | Brett Maher | Matt Bryant | Stephen Gostkowski | Jay Feely | Greg Zuerlein | Jake Elliott | Jason Myers | Ka'imi Fairbairn | Steve Cox | Morten Andersen | Rob Bironas | Dan Carpenter | Chandler Catanzaro | Brandon McManus | Wil Lutz | Harrison Butker | Greg Joseph | Joey Slye
89%
Teams whose last Super Bowl appearance was before 2000New York Jets (1968) | Minnesota Vikings (1976) | Miami Dolphins (1984) | Washington Commanders (1991) | Buffalo Bills (1993) | Los Angeles Chargers (1994) | Dallas Cowboys (1995) | Tennessee Titans (1999)
89%
Teams without white as one of their official team colorsBaltimore Ravens | Carolina Panthers | Detroit Lions | Jacksonville Jaguars | Las Vegas Raiders | Los Angeles Rams | Pittsburgh Steelers | Seattle Seahawks | Tampa Bay Buccaneers
88%
Cities that used to have an NFL team that no longer have one.Akron, OH | Brooklyn, NY | Canton, NY | Columbus, OH | Dayton, OH | Decatur, IL | Duluth, MN | Evansville, IN | Hammond, IN | Hartford, CT | Kenosha, WI | LaRue, OH | Louisville, KY | Milwaukee, WI | Muncie, IN | Newark, NJ | Oakland, CA | Orange, NJ | Portsmouth, OH | Pottsville, PA | Racine, WI | Rochester, NY | Rock Island, IL | San Diego, CA | St. Louis, MO | Staten Island, NY | Toledo, OH | Tonawanda, NY
85%
Players with over 100 rushing touchdownsEmmitt Smith | LaDainian Tomlinson | Marcus Allen | Adrian Peterson | Walter Payton | Jim Brown | John Riggins | Marshall Faulk | Shaun Alexander
85%
Teams whose home stadiums can seat 80,000+Dallas Cowboys | Green Bay Packers | New York Giants | New York Jets | Washington Commanders
84%
Current players who won the Heisman TrophyDeVonta Smith | Joe Burrow | Kyler Murray | Baker Mayfield | Lamar Jackson | Derrick Henry | Marcus Mariota | Jameis Winston | Mark Ingram Jr.
84%
#1 draft pick between 2000 and 2010Courtney Brown | Michael Vick | David Carr | Carson Palmer | Eli Manning | Alex Smith | Mario Williams | JaMarcus Russell | Jake Long | Matthew Stafford | Sam Bradford
82%
Teams currently with a live animal mascotBaltimore Ravens (Rise and Conquer the ravens) | Cleveland Browns (Swagger Jr. the dog) | Denver Broncos (Thunder II the horse) | Kansas City Chiefs (Warpaint the horse) | Seattle Seahawks (Taima the hawk)
81%
Non-QB NFL MVPs (not Super Bowl MVPs) since 1990Adrian Peterson | LaDainian Tomlinson | Shaun Alexander | Marshall Faulk | Terrell Davis | Barry Sanders | Emmitt Smith | Thurman Thomas
78%

Score Distribution

Percentile by Number Answered

Percent of People with Each Score

Your Score History

You have not taken this quiz